000 00909nas a2200277 4500
001 BR0000945
003 BR-BrBNA
005 20231205101723.0
007 ta
008 230509b bl.|||p| |||| 00| 00por d
040 _aBR-BrBNA
_bpor
_cBiblioteca Nacional de Agricultura
041 _a(Pt)
072 _aL73
100 1 _aGirio, R.J.S.
100 1 _aMathias, L.A.
100 1 _aAlessi, A.C.
100 1 _aFerraudo, A.S.
245 1 _aLeptospirose experimental em equinos infectados com Leptospira interrogans sorotipo copenhageni. Aspectos hematologicos, bioquimicos e anatomopatologicos
650 _aEquino
650 _aLeptospirose
650 _aHematologia
650 _aDoenca Animal
773 0 _tRevista Brasileira de Medicina Veterinaria (Brazil)
_xISSN 0100-2430
_g(Sep-Oct 1999), v. 21(5) p. 192-196
_wBR0000945
909 _a202311
_bLúcia
_c55
_dLúcia Elande
942 _2AGRIS
_n0
_cANA
999 _c163472
_d163472